[Event "4NCL 2021-22"]
[Site "England"]
[Date "2022.02.13"]
[Round "4.30"]
[White "Hayward, Philip"]
[Black "Eggleston, David J"]
[Result "0-1"]
[WhiteElo "2009"]
[BlackElo "2343"]
[Annotator "ChessBase"]
[PlyCount "147"]
[EventDate "2021.11.27"]
[EventType "team-tourn"]
[EventCountry "ENG"]
[SourceTitle "playchess.com"]
[Source "ChessBase"]
[SourceQuality "1"]
[TimeControl "40/6000+30:3000+30"]

1. c4 {[%emt 0:00:03]} e5 {[%emt 0:00:05]} 2. g3 {[%emt 0:00:15]} Nf6 {[%emt 0:00:19]} 3. Bg2 {[%emt 0:00:05]} Nc6 {[%emt 0:00:14]} 4. Nc3 {[%emt 0:00:17]} Bb4 {[%emt 0:00:15]} 5. Nd5 {[%emt 0:00:19]} O-O {[%emt 0:00:24]} 6. Nf3 {[%emt 0:01:06]} d6 {[%emt 0:02:34]} 7. O-O {[%emt 0:00:51]} Bc5 {[%emt 0:01:12]} 8. d3 {[%emt 0:05:30]} h6 {[%emt 0:01:15]} 9. e3 {[%emt 0:03:49]} Bg4 {[%emt 0:07:08]} 10. h3 {[%emt 0:03:26]} Bh5 {[%emt 0:01:25]} 11. a3 {[%emt 0:01:56]} Bb6 {[%emt 0:05:11]} 12. b4 {[%emt 0:06:44]} Nxd5 {[%emt 0:00:43]} 13. cxd5 {[%emt 0:00:34]} Ne7 {[%emt 0:00:11]} 14. Qb3 {[%emt 0:09:45]} Kh8 {[%emt 0:02:19]} 15. g4 {[%emt 0:05:36]} Bg6 {[%emt 0:00:14]} 16. e4 {[%emt 0:02:20]} c6 {[%emt 0:11:16]} 17. dxc6 {[%emt 0:02:24]} Nxc6 {[%emt 0:00:49]} 18. Bb2 {[%emt 0:01:49]} h5 {[%emt 0:07:53]} 19. Kh2 {[%emt 0:10:57]} Qe7 {[%emt 0:07:14]} 20. Rae1 {[%emt 0:11:34]} a6 {[%emt 0:12:42]} 21. Qd1 {[%emt 0:02:56]} Rad8 {[%emt 0:01:58]} 22. Nd2 {[%emt 0:14:03]} Qh4 {[%emt 0:08:28]} 23. Kg1 {[%emt 0:02:41]} hxg4 {[%emt 0:02:50]} 24. hxg4 {[%emt 0:00:52]} Bd4 {[%emt 0:02:50]} 25. Bc1 {[%emt 0:02:26]} Kg8 {[%emt 0:01:23]} 26. Nc4 {[%emt 0:02:46]} f6 {[%emt 0:13:53]} 27. Ne3 {[%emt 0:00:49]} Ne7 {[%emt 0:00:39]} 28. Bf3 {[%emt 0:06:17]} d5 {[%emt 0:04:23]} 29. Kg2 {[%emt 0:05:21]} dxe4 {[%emt 0:08:31]} 30. Rh1 {[%emt 0:00:04]} exf3+ {[%emt 0:00:35]} 31. Qxf3 {[%emt 0:00:02]} Qxh1+ {[%emt 0:03:03]} 32. Rxh1 {[%emt 0:00:02]} Be8 {[%emt 0:00:15]} 33. Qh3 {[%emt 0:01:58]} Bc6+ {[%emt 0:00:05]} 34. f3 {[%emt 0:00:28]} Bxe3 {[%emt 0:01:49]} 35. Bxe3 {[%emt 0:01:15]} Kf7 {[%emt 0:02:13]} 36. Qh5+ {[%emt 0:04:09]} Ng6 {[%emt 0:00:12]} 37. Qf5 {[%emt 0:02:03]} Rh8 {[%emt 0:00:36]} 38. g5 {[%emt 0:01:18]} Rxh1 {[%emt 0:01:07]} 39. Kxh1 {[%emt 0:00:31]} Rh8+ {[%emt 0:00:59]} 40. Kg1 {[%emt 0:00:09]} Nh4 {[%emt 0:00:15]} 41. g6+ {[%emt 0:50:25]} Nxg6 {[%emt 0:50:17]} 42. Qg4 {[%emt 0:00:00]} Ne7 {[%emt 0:00:00]} 43. Kf2 {[%emt 0:00:00]} g5 {[%emt 0:00:00]} 44. Qc4+ {[%emt 0:00:00]} Kg6 {[%emt 0:00:00]} 45. d4 {[%emt 0:00:00]} exd4 {[%emt 0:00:00]} 46. Qxd4 {[%emt 0:00:00]} Rh3 {[%emt 0:00:00]} 47. Qd8 {[%emt 0:00:00]} Rxf3+ {[%emt 0:00:00]} 48. Ke2 {[%emt 0:00:00]} Nf5 {[%emt 0:00:00]} 49. Qg8+ {[%emt 0:00:00]} Kh5 {[%emt 0:00:00]} 50. Bf2 {[%emt 0:00:00]} Kg4 {[%emt 0:00:00]} 51. Qe6 {[%emt 0:00:00]} Kh3 {[%emt 0:00:00]} 52. Ke1 {[%emt 0:00:00]} Kg2 {[%emt 0:00:00]} 53. Qa2 {[%emt 0:01:26]} Kh3 {[%emt 0:00:00]} 54. Qe6 {[%emt 0:01:10]} g4 {[%emt 0:00:00]} 55. Qxf6 {[%emt 0:00:33]} g3 {[%emt 0:00:00]} 56. Bc5 {[%emt 0:01:58]} Rf4 {[%emt 0:01:19]} 57. Qh8+ {[%emt 0:00:58]} Nh4 {[%emt 0:00:27]} 58. Bd6 {[%emt 0:02:20]} g2 {[%emt 0:01:48]} 59. Qc8+ {[%emt 0:00:10]} Rf5 {[%emt 0:04:04]} 60. Bc5 {[%emt 0:00:29]} Be4 {[%emt 0:00:54]} 61. Ke2 {[%emt 0:00:34]} Bf3+ {[%emt 0:00:30]} 62. Kd3 {[%emt 0:00:55]} Bg4 {[%emt 0:00:06]} 63. Qc7 {[%emt 0:00:39]} Nf3 {[%emt 0:01:12]} 64. Ba7 {[%emt 0:00:38]} b5 {[%emt 0:00:55]} 65. Ke4 {[%emt 0:00:40]} g1=Q {[%emt 0:01:18]} 66. Bxg1 {[%emt 0:00:02]} Nxg1 {[%emt 0:00:07]} 67. Qa7 {[%emt 0:00:33]} Ne2 {[%emt 0:00:48]} 68. Qxa6 {[%emt 0:00:14]} Nc3+ {[%emt 0:00:10]} 69. Kd4 {[%emt 0:00:30]} Ne2+ {[%emt 0:00:41]} 70. Ke4 {[%emt 0:00:22]} Rf4+ {[%emt 0:00:23]} 71. Ke5 {[%emt 0:00:21]} Rf3 {[%emt 0:00:11]} 72. a4 {[%emt 0:00:48]} Re3+ {[%emt 0:00:55]} 73. Kd5 {[%emt 0:00:47]} Be6+ 74. Kc5 {[%emt 0:00:01]} 0-1

[Event "4NCL 2021-22"]
[Site "England"]
[Date "2022.02.13"]
[Round "4.31"]
[White "Boswell, Jacob Connor"]
[Black "Arora, Tashika"]
[Result "0-1"]
[WhiteElo "2053"]
[BlackElo "1823"]
[Annotator "ChessBase"]
[PlyCount "72"]
[EventDate "2021.11.27"]
[EventType "team-tourn"]
[EventCountry "ENG"]
[SourceTitle "playchess.com"]
[Source "ChessBase"]
[SourceQuality "1"]
[TimeControl "40/6000+30:3000+30"]

1. d4 {[%emt 0:00:01]} Nf6 {[%emt 0:00:04]} 2. Bg5 {[%emt 0:00:07]} Ne4 {[%emt 0:00:11]} 3. h4 {[%emt 0:00:07]} d5 {[%emt 0:00:26]} 4. Nd2 {[%emt 0:00:08]} Bf5 {[%emt 0:03:05]} 5. e3 {[%emt 0:05:23]} Nxg5 {[%emt 0:03:40]} 6. hxg5 {[%emt 0:00:02]} e6 {[%emt 0:00:33]} 7. f4 {[%emt 0:05:59]} c5 {[%emt 0:01:00]} 8. g4 {[%emt 0:09:18]} Bg6 {[%emt 0:03:56]} 9. c3 {[%emt 0:03:34]} cxd4 {[%emt 0:01:28]} 10. cxd4 {[%emt 0:03:34]} Nc6 {[%emt 0:04:14]} 11. Ngf3 {[%emt 0:04:13]} Qb6 {[%emt 0:14:24]} 12. Nb3 {[%emt 0:29:44]} Nb4 {[%emt 0:03:28]} 13. Kf2 {[%emt 0:01:39]} Be4 {[%emt 0:05:21]} 14. Rh2 {[%emt 0:07:25]} Bd6 {[%emt 0:02:56]} 15. Ne1 {[%emt 0:04:13]} Rc8 {[%emt 0:04:15]} 16. Rc1 {[%emt 0:04:34]} Ke7 {[%emt 0:02:56]} 17. a3 {[%emt 0:08:29]} Nc2 {[%emt 0:10:46]} 18. Nd2 {[%emt 0:04:34]} Qxb2 {[%emt 0:01:58]} 19. Rb1 {[%emt 0:02:09]} Nxe3 {[%emt 0:13:00]} 20. Kxe3 {[%emt 0:00:37]} Bxb1 {[%emt 0:00:07]} 21. Qxb1 {[%emt 0:04:38]} Qxb1 {[%emt 0:00:19]} 22. Nxb1 {[%emt 0:00:01]} Rc1 {[%emt 0:00:08]} 23. Rb2 {[%emt 0:00:16]} Rxe1+ {[%emt 0:00:31]} 24. Kf2 {[%emt 0:00:01]} Rc1 {[%emt 0:00:14]} 25. f5 {[%emt 0:04:09]} b6 {[%emt 0:00:44]} 26. Bd3 {[%emt 0:04:14]} h5 {[%emt 0:01:08]} 27. f6+ {[%emt 0:03:19]} gxf6 {[%emt 0:00:14]} 28. gxf6+ {[%emt 0:00:02]} Kxf6 {[%emt 0:00:07]} 29. g5+ {[%emt 0:00:20]} Kxg5 {[%emt 0:00:16]} 30. Nd2 {[%emt 0:01:08]} h4 {[%emt 0:00:36]} 31. Nf3+ {[%emt 0:00:47]} Kf6 {[%emt 0:00:12]} 32. Ke3 {[%emt 0:00:37]} h3 {[%emt 0:00:24]} 33. Rf2 {[%emt 0:00:47]} Ke7 {[%emt 0:00:24]} 34. Ng5 {[%emt 0:00:33]} f6 {[%emt 0:00:10]} 35. Bg6 {[%emt 0:00:45]} h2 {[%emt 0:00:39]} 36. Rxf6 {[%emt 0:00:32]} Kxf6 {[%emt 0:00:15]} 0-1

[Event "4NCL 2021-22"]
[Site "England"]
[Date "2022.02.13"]
[Round "4.32"]
[White "Zakarian, Dimitrios Levon"]
[Black "Pert, Max"]
[Result "1-0"]
[WhiteElo "1962"]
[BlackElo "1922"]
[Annotator "NA"]
[PlyCount "63"]
[EventDate "2021.11.27"]
[EventType "team-tourn"]
[EventCountry "ENG"]
[SourceTitle "playchess.com"]
[Source "ChessBase"]
[SourceQuality "1"]
[TimeControl "40/6000+30:3000+30"]

1. d4 {[%emt 0:00:03]} d5 {[%emt 0:00:06]} 2. Nf3 {[%emt 0:00:03]} Nf6 {[%emt 0:00:15]} 3. c4 {[%emt 0:00:04]} e6 {[%emt 0:00:21]} 4. Nc3 {[%emt 0:00:08]} a6 {[%emt 0:01:12]} 5. cxd5 {[%emt 0:00:25]} exd5 {[%emt 0:01:03]} 6. Bg5 {[%emt 0:00:46]} Be6 {[%emt 0:01:19]} 7. e3 {[%emt 0:01:09]} Nbd7 {[%emt 0:01:24]} 8. Bd3 {[%emt 0:01:19]} h6 {[%emt 0:01:59]} 9. Bh4 {[%emt 0:00:42]} g5 {[%emt 0:01:31]} 10. Bg3 {[%emt 0:00:16]} Nh5 {[%emt 0:01:25]} 11. Be5 {[%emt 0:05:22]} Nhf6 {[%emt 0:06:01]} 12. Qb3 {[%emt 0:06:33]} g4 {[%emt 0:03:00]} 13. Bxf6 {[%emt 0:01:30]} Qxf6 {[%emt 0:06:16]} 14. Ne5 {[%emt 0:03:04]} O-O-O {[%emt 0:00:42]} 15. Nc6 {[%emt 0:13:23]} Re8 {[%emt 0:16:12]} 16. Na5 {[%emt 0:02:07]} Nb6 {[%emt 0:02:22]} 17. Na4 {[%emt 0:00:46]} Qe7 {[%emt 0:02:15]} 18. Nc5 {[%emt 0:02:49]} Kb8 {[%emt 0:15:34]} 19. Bxa6 {[%emt 0:02:59]} Bc8 {[%emt 0:02:04]} 20. Bxb7 {[%emt 0:00:16]} Bxb7 {[%emt 0:00:30]} 21. Naxb7 {[%emt 0:00:11]} Bg7 {[%emt 0:04:07]} 22. O-O-O {[%emt 0:03:59]} Qh4 {[%emt 0:05:03]} 23. Nd6 {[%emt 0:07:54]} Re7 {[%emt 0:03:09]} 24. Nf5 {[%emt 0:00:33]} Qg5 {[%emt 0:00:42]} 25. Nxe7 {[%emt 0:00:15]} Qxe7 {[%emt 0:00:06]} 26. Qa3 {[%emt 0:01:43]} Qf6 {[%emt 0:00:46]} 27. Qa6 {[%emt 0:00:59]} Qc6 {[%emt 0:00:15]} 28. Kb1 {[%emt 0:00:12]} Bf8 {[%emt 0:01:02]} 29. Rc1 {[%emt 0:00:23]} Rg8 {[%emt 0:01:26]} 30. Ka1 {[%emt 0:01:04]} Rg6 {[%emt 0:00:45]} 31. Nb3 {[%emt 0:01:16]} Qa4 {[%emt 0:00:29]} 32. Na5 {[%emt 0:00:50]} 1-0

[Event "4NCL 2021-22"]
[Site "England"]
[Date "2022.02.13"]
[Round "4.33"]
[White "Wall, Gavin"]
[Black "Roberson, Peter T"]
[Result "1/2-1/2"]
[WhiteElo "2312"]
[BlackElo "2425"]
[Annotator "TA"]
[PlyCount "84"]
[EventDate "2021.11.27"]
[EventType "team-tourn"]
[EventCountry "ENG"]
[SourceTitle "playchess.com"]
[Source "ChessBase"]
[SourceQuality "1"]

{[%evp 16,84,16,10,14,12,7,7,10,2,8,25,0,0,56,0,0,10,9,-30,-12,-9,0,0,18,7,94,81,155,-33,0,0,0,-16,-16,-11,-9,-9,-11,-11,-35,-103,-112,-108,0,0,0,0,0,0,0,-6,0,0,0,0,0,0,0,0,0,0,0,0,8,0,0,0,0,0,0]} 1. e4 e6 2. d4 d5 3. e5 c5 4. c3 Nc6 5. Nf3 Bd7 6. a3 Nge7 7. Bd3 cxd4 8. cxd4 Qb6 9. Bc2 $1 g5 {Hoping for ...g4. C02: French: Advance Variation.} 10. h3 Nf5 11. Bxf5 exf5 12. Nc3 h6 13. Nxd5 Qa5+ 14. Nc3 {Pair of Knights!} O-O-O 15. Be3 (15. d5 Be6 $1 16. O-O (16. b4 $2 Bxb4 17. axb4 Qxa1 $19) 16... Bxd5 17. Nxd5 Qxd5 $11) (15. O-O $14 {deserves consideration.}) 15... f4 $11 16. Bd2 {And now d5 would win.} Be6 {[#] Prevents d5.} 17. Qc2 $146 ({Predecessor:} 17. b4 Qb6 18. d5 Bxd5 19. Nxd5 Rxd5 20. Qb3 Qb5 21. O-O-O Kb8 22. Bc3 Rxd1+ 23. Rxd1 Be7 24. Kb2 Rd8 25. Rxd8+ {½-½ (25) Talos,D (2178)-Oprisor,R (2396) ICCF email 2010}) 17... Kb8 {[%mdl 1024] Black has compensation.} (17... Nxd4 $2 18. Nxd4 Kb8 19. Nxe6 Qxe5+ 20. Ne4 Qxe6 21. Bc3 $18) (17... Qa6 $5 {[%cal Rc6b4]}) 18. Qe4 $132 {[%mdl 2048] White is not holding back} Ne7 19. O-O Qa6 20. Rfd1 {[%cal Od4d5]} Rg8 (20... Bb3 $11) 21. d5 $1 $16 Bf5 (21... Nxd5 $142 22. Bxf4 Qa5) 22. Qe2 $2 (22. Qd4 $6 Nc6 $1 23. dxc6 Rxd4 24. Nxd4 Bc8 $11) ({Only move:} 22. Qe1 $1 $16) 22... Bd3 ({Don't play} 22... Nxd5 23. Qxa6 bxa6 24. Bxf4 $1 $16 {[%mdl 512]}) 23. Qe1 {Black must now prevent d6.} Nxd5 24. Nxd5 Rxd5 25. Bb4 Bxb4 26. Qxb4 Rgd8 27. h4 Qg6 28. hxg5 ({White should play} 28. Rac1 $15) 28... hxg5 $17 {...Rh8 is the strong threat.} 29. Ne1 {[#]} Bb5 ({Much worse is} 29... Rxe5 $6 30. Nxd3 Red5 {[#]} 31. Qe1 $1 Rxd3 32. Rxd3 Qxd3 33. Qe5+ Qd6 34. Qxg5 $11) (29... Qe4 $1 $17 {Strongly threatening ...Qxb4.} 30. Qe7 Qxe5 31. Qxe5+ Rxe5) 30. Rxd5 $11 {The position is equal.} Rxd5 31. Qf8+ Kc7 32. Nf3 Bc6 33. Qe7+ $1 ({Much weaker is} 33. Rc1 g4 34. Nh4 Qe6 $17) 33... Rd7 {[%cal Bd5d7,Bd7d2,Bd2b2,Bb2b3,Bb3f3][%mdl 32]} 34. Qxg5 Bxf3 35. Qxg6 fxg6 36. gxf3 {[%mdl 4096] Endgame KR-KR} Rd2 37. Rc1+ Kd7 38. Rc4 Rxb2 39. Rxf4 Ke6 40. Rf6+ Kxe5 41. Rxg6 Rb3 42. Rg7 Rxf3 {Weighted Error Value: White=0.13 (very precise) /Black=0.16 (very precise)} 1/2-1/2

[Event "4NCL 2021-22"]
[Site "England"]
[Date "2022.02.13"]
[Round "4.34"]
[White "Moreby, James"]
[Black "Delaney, Killian"]
[Result "1/2-1/2"]
[WhiteElo "2416"]
[BlackElo "2292"]
[Annotator "TA"]
[PlyCount "46"]
[EventDate "2021.11.27"]
[EventType "team-tourn"]
[EventCountry "ENG"]
[SourceTitle "playchess.com"]
[Source "ChessBase"]
[SourceQuality "1"]

{[%evp 16,23,39,33,33,25,16,32,16,24]} 1. Nf3 c5 2. c4 e6 3. Nc3 d5 4. cxd5 exd5 5. d4 Nc6 6. g3 Nf6 7. Bg2 cxd4 8. Nxd4 Bc5 9. Nb3 {[%csl LRc5,LRd5]} Bb6 {D33: Tarrasch Defence: 6 g3 sidelines.} 10. O-O ({Reject} 10. Bxd5 Nb4 11. Bf3 Qxd1+ 12. Kxd1 O-O $11) 10... d4 $1 11. Na4 O-O 12. Bg5 {[#] A rather calm draw.  Weighted Error Value: White=0.05 (flawless) /Black=0.00 (flawless)} {Predecessor:} h6 $146 13. Nxb6 axb6 14. Bxc6 bxc6 15. Bxf6 Qxf6 16. Qxd4 Rd8 17. Qxf6 gxf6 18. Rfd1 Rxd1+ 19. Rxd1 Be6 20. Nc1 Bxa2 21. Nxa2 Rxa2 22. Rd6 Kg7 23. Rxc6 Rxb2 {½-½ (23) Karjakin,S (2743)-Dubov,D (2720) Wijk aan Zee 2022} 1/2-1/2

[Event "4NCL 2021-22"]
[Site "England"]
[Date "2022.02.13"]
[Round "4.35"]
[White "Venkatesan, Kavin"]
[Black "Holland, James P"]
[Result "1/2-1/2"]
[WhiteElo "2074"]
[BlackElo "2224"]
[Annotator "ChessBase"]
[PlyCount "65"]
[EventDate "2021.11.27"]
[EventType "team-tourn"]
[EventCountry "ENG"]
[SourceTitle "playchess.com"]
[Source "ChessBase"]
[SourceQuality "1"]
[TimeControl "40/6000+30:3000+30"]

1. d4 {[%emt 0:00:03]} b5 {[%emt 0:02:32]} 2. e4 {[%emt 0:00:14]} a6 {[%emt 0:00:16]} 3. Nf3 {[%emt 0:03:15]} Bb7 {[%emt 0:00:18]} 4. Nbd2 {[%emt 0:01:36]} e6 {[%emt 0:07:47]} 5. Bd3 {[%emt 0:04:18]} c5 {[%emt 0:00:18]} 6. c3 {[%emt 0:05:51]} d6 {[%emt 0:05:34]} 7. O-O {[%emt 0:05:46]} g5 {[%emt 0:01:22]} 8. a4 {[%emt 0:05:59]} b4 {[%emt 0:10:58]} 9. cxb4 {[%emt 0:06:14]} g4 {[%emt 0:00:32]} 10. Ne1 {[%emt 0:00:16]} cxd4 {[%emt 0:00:03]} 11. Qxg4 {[%emt 0:02:19]} Nc6 {[%emt 0:04:10]} 12. b5 {[%emt 0:02:34]} Ne5 {[%emt 0:00:13]} 13. Qe2 {[%emt 0:00:23]} Nxd3 {[%emt 0:01:29]} 14. Qxd3 {[%emt 0:01:15]} Bg7 {[%emt 0:00:17]} 15. Nef3 {[%emt 0:03:13]} Ne7 {[%emt 0:05:53]} 16. Nxd4 {[%emt 0:07:17]} d5 {[%emt 0:00:17]} 17. bxa6 {[%emt 0:02:06]} Bxa6 {[%emt 0:00:43]} 18. Nb5 {[%emt 0:00:12]} dxe4 {[%emt 0:15:59]} 19. Qxd8+ {[%emt 0:00:12]} Kxd8 {[%emt 0:00:03]} 20. Ra3 {[%emt 0:02:11]} f5 {[%emt 0:00:30]} 21. Rd1 {[%emt 0:02:45]} Nd5 {[%emt 0:00:51]} 22. Nc4 {[%emt 0:01:41]} Ke7 {[%emt 0:05:47]} 23. Rg3 {[%emt 0:09:15]} Bf6 {[%emt 0:07:51]} 24. b3 {[%emt 0:00:33]} Rad8 {[%emt 0:07:55]} 25. Ba3+ {[%emt 0:03:04]} Kd7 {[%emt 0:02:03]} 26. Nbd6 {[%emt 0:03:32]} Kc7 {[%emt 0:07:18]} 27. Nf7 {[%emt 0:06:04]} Nf4 {[%emt 0:04:46]} 28. Rxd8 {[%emt 0:07:30]} Ne2+ {[%emt 0:00:56]} 29. Kf1 {[%emt 0:00:49]} Nxg3+ {[%emt 0:00:05]} 30. hxg3 {[%emt 0:00:02]} Rxd8 {[%emt 0:00:09]} 31. Nxd8 {[%emt 0:00:05]} Kxd8 {[%emt 0:00:16]} 32. Ke2 {[%emt 0:04:59]} Bd4 {[%emt 0:04:11]} 33. f3 {[%emt 0:02:40]} 1/2-1/2

[Event "4NCL 2021-22"]
[Site "England"]
[Date "2022.02.13"]
[Round "4.36"]
[White "Rendle, Thomas E"]
[Black "Carroll, Peter"]
[Result "1-0"]
[WhiteElo "2365"]
[BlackElo "2122"]
[Annotator "NA"]
[PlyCount "63"]
[EventDate "2021.11.27"]
[EventType "team-tourn"]
[EventCountry "ENG"]
[SourceTitle "playchess.com"]
[Source "ChessBase"]
[SourceQuality "1"]
[TimeControl "40/6000+30:3000+30"]

1. e4 {[%emt 0:00:02]} c5 {[%emt 0:09:06]} 2. Be2 {[%emt 0:02:52]} Nc6 {[%emt 0:01:17]} 3. d3 {[%emt 0:00:14]} g6 {[%emt 0:05:56]} 4. f4 {[%emt 0:00:39]} Bg7 {[%emt 0:00:07]} 5. Nf3 {[%emt 0:00:16]} d5 {[%emt 0:00:52]} 6. O-O {[%emt 0:03:02]} dxe4 {[%emt 0:10:56]} 7. dxe4 {[%emt 0:01:54]} Bg4 {[%emt 0:00:09]} 8. c3 {[%emt 0:02:03]} Nf6 {[%emt 0:02:26]} 9. h3 {[%emt 0:05:43]} Bxf3 {[%emt 0:02:54]} 10. Bxf3 {[%emt 0:01:15]} Qxd1 {[%emt 0:00:10]} 11. Rxd1 {[%emt 0:00:06]} e5 {[%emt 0:00:25]} 12. Na3 {[%emt 0:04:15]} O-O {[%emt 0:11:10]} 13. Nc4 {[%emt 0:00:59]} Rfd8 {[%emt 0:07:11]} 14. Rxd8+ {[%emt 0:04:35]} Rxd8 {[%emt 0:00:58]} 15. fxe5 {[%emt 0:00:07]} Nd7 {[%emt 0:01:58]} 16. Bg5 {[%emt 0:02:28]} Rb8 {[%emt 0:01:44]} 17. e6 {[%emt 0:02:14]} fxe6 {[%emt 0:00:07]} 18. Bg4 {[%emt 0:00:25]} Nf8 {[%emt 0:00:40]} 19. a4 {[%emt 0:16:17]} b6 {[%emt 0:05:05]} 20. Rd1 {[%emt 0:03:21]} Re8 {[%emt 0:01:52]} 21. Nd6 {[%emt 0:06:08]} Rb8 {[%emt 0:01:43]} 22. Nb5 {[%emt 0:02:26]} Ne5 {[%emt 0:00:55]} 23. Be2 {[%emt 0:07:01]} Nfd7 {[%emt 0:05:17]} 24. Nxa7 {[%emt 0:05:19]} Ra8 {[%emt 0:01:53]} 25. Nc6 {[%emt 0:00:48]} Nf7 {[%emt 0:05:56]} 26. Be3 {[%emt 0:04:35]} Nf6 {[%emt 0:00:25]} 27. Bc4 {[%emt 0:02:38]} Nxe4 {[%emt 0:05:00]} 28. Bxe6 {[%emt 0:01:02]} Kf8 {[%emt 0:00:48]} 29. Rd7 {[%emt 0:03:14]} Neg5 {[%emt 0:01:28]} 30. Bd5 {[%emt 0:04:23]} Rxa4 {[%emt 0:01:23]} 31. Bxg5 {[%emt 0:02:38]} Nxg5 {[%emt 0:00:26]} 32. Rd8# {[%emt 0:00:47]} 1-0

[Event "4NCL 2021-22"]
[Site "England"]
[Date "2022.02.13"]
[Round "4.37"]
[White "Thorarinsson, Pall A."]
[Black "Batchelor, Peter J"]
[Result "0-1"]
[WhiteElo "2166"]
[BlackElo "2366"]
[Annotator "NA"]
[PlyCount "64"]
[EventDate "2021.11.27"]
[EventType "team-tourn"]
[EventCountry "ENG"]
[SourceTitle "playchess.com"]
[Source "ChessBase"]
[SourceQuality "1"]
[TimeControl "40/6000+30:3000+30"]

1. c4 {[%emt 0:05:10]} Nf6 {[%emt 0:00:06]} 2. Nf3 {[%emt 0:01:56]} e6 {[%emt 0:00:10]} 3. Nc3 {[%emt 0:01:15]} Bb4 {[%emt 0:01:15]} 4. Qb3 {[%emt 0:03:26]} Nc6 {[%emt 0:00:22]} 5. a3 {[%emt 0:04:06]} Bxc3 {[%emt 0:01:32]} 6. Qxc3 {[%emt 0:00:17]} d6 {[%emt 0:00:30]} 7. b4 {[%emt 0:01:19]} e5 {[%emt 0:01:08]} 8. d3 {[%emt 0:11:43]} Bg4 {[%emt 0:01:05]} 9. e3 {[%emt 0:03:18]} O-O {[%emt 0:05:17]} 10. Be2 {[%emt 0:01:03]} Re8 {[%emt 0:09:00]} 11. Bb2 {[%emt 0:02:16]} Qd7 {[%emt 0:03:30]} 12. h3 {[%emt 0:05:34]} Bxf3 {[%emt 0:01:42]} 13. Bxf3 {[%emt 0:03:34]} Nd4 {[%emt 0:06:39]} 14. Bxb7 {[%emt 0:02:13]} Rab8 {[%emt 0:00:14]} 15. Be4 {[%emt 0:03:18]} Nxe4 {[%emt 0:03:15]} 16. dxe4 {[%emt 0:00:20]} Ne6 {[%emt 0:00:03]} 17. f3 {[%emt 0:13:36]} Qa4 {[%emt 0:02:15]} 18. O-O {[%emt 0:06:40]} a5 {[%emt 0:00:27]} 19. c5 {[%emt 0:06:23]} f6 {[%emt 0:03:31]} 20. cxd6 {[%emt 0:09:01]} cxd6 {[%emt 0:00:01]} 21. Qd2 {[%emt 0:03:19]} axb4 {[%emt 0:01:34]} 22. axb4 {[%emt 0:02:18]} Qxb4 {[%emt 0:00:13]} 23. Bc3 {[%emt 0:09:27]} Qc5 {[%emt 0:03:30]} 24. Ra5 {[%emt 0:02:10]} Qc4 {[%emt 0:04:25]} 25. Rc1 {[%emt 0:06:08]} Rbc8 {[%emt 0:01:54]} 26. Bb2 {[%emt 0:01:50]} Qb3 {[%emt 0:00:30]} 27. Rxc8 {[%emt 0:00:56]} Rxc8 {[%emt 0:00:04]} 28. Qd5 {[%emt 0:00:53]} Qxe3+ {[%emt 0:02:21]} 29. Kh1 {[%emt 0:00:37]} Kf7 {[%emt 0:01:26]} 30. Rb5 {[%emt 0:00:42]} Rc7 {[%emt 0:05:36]} 31. Rb3 {[%emt 0:00:34]} Qf2 {[%emt 0:01:45]} 32. Rc3 {[%emt 0:00:35]} Qe1+ {[%emt 0:00:16]} 0-1

[Event "4NCL 2021-22"]
[Site "England"]
[Date "2022.02.13"]
[Round "4.38"]
[White "Dong, Bao Nghia"]
[Black "Murray, David"]
[Result "1-0"]
[WhiteElo "2332"]
[BlackElo "2108"]
[Annotator "TA"]
[PlyCount "85"]
[EventDate "2021.11.27"]
[EventType "team-tourn"]
[EventCountry "ENG"]
[SourceTitle "playchess.com"]
[Source "ChessBase"]
[SourceQuality "1"]

{[%evp 17,85,22,27,18,58,46,33,0,0,0,0,0,19,10,14,11,15,9,16,17,23,27,24,23,35,0,0,-8,0,-1,0,-1,0,0,0,0,0,0,57,40,55,52,55,47,60,48,82,80,77,75,75,71,74,65,108,27,31,-479,-450,-604,-266,-577,569,558,5010,4927,5365,3028,1960,1895]} 1. c4 Nf6 2. Nc3 c5 3. g3 Nc6 4. Bg2 e6 5. Nf3 Be7 6. O-O O-O 7. a3 a6 8. d4 cxd4 9. Nxd4 Qc7 10. b4 {A33: Symmetrical English: 2 Nf3 Nf6 3 d4 cxd4 4 Nxd4 e6 5 Nc3 Nc6.} Ne5 11. c5 {[#]} Rd8 $146 ({Predecessor:} 11... d5 12. Bf4 Nfd7 13. e4 dxe4 14. Nxe4 Nf6 15. Qc2 Nd5 16. Bg5 Rb8 17. Bxe7 Qxe7 {0-1 (42) Kasperek,K (1518)-Burakowska,G (1619) Solina 2012}) 12. Nf3 {White is slightly better.} Nxf3+ $1 13. Bxf3 d6 $1 14. cxd6 Bxd6 (14... Qxc3 {is interesting.} 15. Bd2 Qb2 16. Rb1 Qa2 17. Ra1 Qb2) 15. Qb3 Bd7 16. Bg5 Bc6 {Prevents Ne4.} 17. Rac1 {[%cal Oc3e4]} Bxf3 18. exf3 {[%cal Oc3d5] Strongly threatening Nd5!} Be7 {[#]} 19. Nd5 $1 Qd6 20. Bxf6 gxf6 21. Ne3 b5 22. Qc3 Qd3 23. Qa1 a5 24. Rc7 Qd6 25. Qc1 Rd7 26. Rc5 {Threatens to win with Rd1.} axb4 27. axb4 {And now Rd1 would win.} Qb6 (27... Rad8 $11) 28. Rh5 $1 $14 {[%cal Oe3f5] aiming for Nf5!} Rc7 (28... Bxb4 $2 29. Ng4 Qd8 30. Qh6 $18) 29. Qb1 f5 30. g4 $1 Qc6 31. Rh3 Bf6 32. gxf5 Ra1 {[#]} 33. Qd3 Rd7 34. Qe2 {Hoping for Ng4.} Rxf1+ 35. Kxf1 Rd4 (35... Bc3 $14 {feels stronger.} 36. fxe6 fxe6) 36. Nc2 ({White should play} 36. Kg2 $16) 36... Rc4 $11 37. Qd2 {[%mdl 8192]} Rxc2 $19 38. Qh6 {Intending Rg3+ and mate.} Bg7 (38... Qc4+ $142 39. Kg2 Qd4 40. Rg3+ Bg7) 39. Rg3 $2 (39. Qxh7+ {nothing else works.} Kf8 40. fxe6 Qxe6 41. Qxc2 Qxh3+ 42. Ke2) 39... Rc1+ $4 {[%mdl 8192]} (39... Qc3 $2 40. f6 Qd3+ 41. Kg2 $18) (39... Qc4+ $19 {and all is fine.} 40. Kg2 Qd4) 40. Kg2 $18 {[%csl Gg3][%cal Rh6g7] White is clearly winning.} Kf8 41. Qxg7+ Ke8 42. Qg8+ Ke7 43. f6+ {Weighted Error Value: White=0.45/Black=0.33} 1-0